• 首页
  • 本馆介绍
  • 公告通知
  • 最新文献
  • 馆藏检索
  • 电子资源
  • 读者导购
  • 参考咨询
  • 我的图书馆
  • 登录
  • 详细信息显示
  • 放入我的书架
  • 预约/预借图书
  • 作者相关作品
  • 分类相关作品
  • 丛书相关作品
  • 出版社相关作品

书目信息

  • 表格格式
  • 工作单格式
  • 卡片格式
题名:
环境艺术照明设计
    
 
作者: 马欣凡 主编
分册:  
出版信息: 长沙   中南大学出版社  2021.1
页数: 136页
开本: 29cm
丛书名:
单 册:
中图分类: TU113.6
科图分类:
主题词: 建筑--装饰照明--照明设计--高等学校--教材 , 建筑 , 装饰照明 , 照明设计
电子资源:
ISBN: 978-7-81105-782-9
000 00969nam0 2200277 45
001 012001002282
005 20140913160521.0
010    @a978-7-81105-782-9@dCNY45.00
100    @a20090401d2009 em y0chiy50 ea
101 0  @achi
102    @aCN@b430000
105    @aa z 000yy
106    @ar
200 1  @a环境艺术照明设计@Ahuan jing yi shu zhao ming she ji@b专著@f马欣凡主编
210    @a长沙@c中南大学出版社@d2021.1
215    @a136页@c图@d29cm
300    @a高等院校艺术设计教育“十一五”规划教材
330    @a本书在论述艺术照明理念与风格的同时,阐明艺术色彩与照明技术等与室内设计的关系,并通过大量图例及工程案例,介绍家居空间、商业购物空间、展示空间、餐饮空间、办公空间、娱乐空间的设计等。
606 0  @a建筑@x装饰照明@x照明设计@x高等学校@j教材
606 0  @a建筑
606 0  @a装饰照明
606 0  @a照明设计
690    @aTU113.6@v4
701  0 @a马欣凡@Ama xin fan@c(女)@4主编
801  0 @aCN@bBJSDL@c20211011
905    @b1339126-9@dTU113.6@e2016@f4
    
    环境艺术照明设计/马欣凡主编.-长沙:中南大学出版社,2021.1
    136页:图;29cm
    高等院校艺术设计教育“十一五”规划教材
    
    ISBN 978-7-81105-782-9:CNY45.00
    本书在论述艺术照明理念与风格的同时,阐明艺术色彩与照明技术等与室内设计的关系,并通过大量图例及工程案例,介绍家居空间、商业购物空间、展示空间、餐饮空间、办公空间、娱乐空间的设计等。
●
相关链接 在E读中查询图书 在五车中查询图书 在当当中查询图书 在豆瓣中查询图书


正题名:环境艺术照明设计     索取号:TU113.6/2016         预约/预借

序号 登录号 条形码 馆藏地/架位号 状态 备注
1 1339126   213391266   第二样本阅览室/ [索取号:TU113.6/2016] 在馆    
2 1339127   213391275   第三借阅区/ [索取号:TU113.6/2016] 在馆    
3 1339128   213391284   第三借阅区/ [索取号:TU113.6/2016] 在馆    
4 1339129   213391293   第三借阅区/ [索取号:TU113.6/2016] 在馆    
唐山师范学院图书馆 欢迎您!
大连网信软件有限公司© 版权所有